<?xml version="1.0" encoding="UTF-8"?>
<record
    xmlns:xsi="http://www.w3.org/2001/XMLSchema-instance"
    xsi:schemaLocation="http://www.loc.gov/MARC21/slim http://www.loc.gov/standards/marcxml/schema/MARC21slim.xsd"
    xmlns="http://www.loc.gov/MARC21/slim">

  <leader>00728nam a22001937a 4500</leader>
  <controlfield tag="003">OSt</controlfield>
  <controlfield tag="005">20240606100306.0</controlfield>
  <controlfield tag="008">240606b           ||||| |||| 00| 0 eng d</controlfield>
  <datafield tag="040" ind1=" " ind2=" ">
    <subfield code="c">AIMIT LIBRARY</subfield>
  </datafield>
  <datafield tag="100" ind1=" " ind2=" ">
    <subfield code="a">Joses, Sumanth.</subfield>
    <subfield code="e">2016134</subfield>
    <subfield code="9">169490</subfield>
  </datafield>
  <datafield tag="245" ind1=" " ind2=" ">
    <subfield code="a">Study on customer satisfaction on web design with special referance to rio digitals /</subfield>
    <subfield code="c">By Sumanth Joses ; Guided by Kudtarkar.</subfield>
  </datafield>
  <datafield tag="260" ind1=" " ind2=" ">
    <subfield code="a">Mangalore ;</subfield>
    <subfield code="c">2022.</subfield>
  </datafield>
  <datafield tag="650" ind1=" " ind2=" ">
    <subfield code="a">Industry profile company profile and introduction to study</subfield>
    <subfield code="9">169491</subfield>
  </datafield>
  <datafield tag="650" ind1=" " ind2=" ">
    <subfield code="a">Literature review</subfield>
    <subfield code="9">169492</subfield>
  </datafield>
  <datafield tag="650" ind1=" " ind2=" ">
    <subfield code="a">Problem identification</subfield>
    <subfield code="9">169493</subfield>
  </datafield>
  <datafield tag="700" ind1=" " ind2=" ">
    <subfield code="a">Kudtarkar, Ravi.</subfield>
    <subfield code="e">Guide</subfield>
    <subfield code="9">169494</subfield>
  </datafield>
  <datafield tag="856" ind1=" " ind2=" ">
    <subfield code="3">Rio Digitals</subfield>
    <subfield code="u">www.riodigitals.com</subfield>
    <subfield code="y">www.riodigitals.com</subfield>
  </datafield>
  <datafield tag="942" ind1=" " ind2=" ">
    <subfield code="2">ddc</subfield>
    <subfield code="c">PRO</subfield>
  </datafield>
  <datafield tag="999" ind1=" " ind2=" ">
    <subfield code="c">231051</subfield>
    <subfield code="d">231051</subfield>
  </datafield>
  <datafield tag="952" ind1=" " ind2=" ">
    <subfield code="0">0</subfield>
    <subfield code="1">0</subfield>
    <subfield code="2">ddc</subfield>
    <subfield code="4">0</subfield>
    <subfield code="7">0</subfield>
    <subfield code="8">PR_MBA</subfield>
    <subfield code="a">AIMIT</subfield>
    <subfield code="b">AIMIT</subfield>
    <subfield code="c">PRB</subfield>
    <subfield code="d">2024-06-06</subfield>
    <subfield code="l">0</subfield>
    <subfield code="p">PRB01985</subfield>
    <subfield code="r">2024-06-06 00:00:00</subfield>
    <subfield code="t">2016134</subfield>
    <subfield code="u">www.riodigitals.com</subfield>
    <subfield code="w">2024-06-06</subfield>
    <subfield code="y">PRO</subfield>
  </datafield>
</record>
